000
00343 a2200157 4500
001
160533
020
_a
040
_c
Magnum
100
_a
Barro, João de
240
1
0
_a
Chapeuzinho vermelho/moderna
_l
por
245
1
0
_a
Chapeuzinho vermelho/moderna
362
0
_a
1899
440
1
_a
Moderna
697
_a
IJ/FADAS, FANTASIA
942
_c
BK
999
_c
160533
_d
160533